Wsie przez które przebiega DW 892 - Statystyki

Ogólne statystyki
  • Ten quiz został rozwiązany 11 razy
  • Średni wynik to 7 z 10
Statystyki odpowiedzi
Hint Wieś % Poprawnych
Wieś Czaszyn
86%
Wieś Komańcza
86%
Miasto Zagórz
86%
Wieś Radoszyce
71%
Wieś Tarnawa Dolna
71%
Wieś Kulaszne
57%
Wieś Rzepedź
57%
Wieś Szczawne
57%
część wsi Czaszyn Brzozowiec
43%
Osada Jawornik
43%
Nie znaleziono quizów pasujących do podanych kryteriów
Rozkład punktacji
Procent ludzi z każdym wynikiem
Percentyl według liczby udzielonych odpowiedzi
Twoja historia wyników
Nie rozwiązałeś tego quizu